000 01209nam a2200289 i 4500
001 bg
100 1 _aBADORA, Krzysztof
245 1 0 _aAutostrada - środowisko przyrodnicze :
_bstudium konfliktów przestrzennych na przykładzie opolskiego odcinka autostrady A-4 /
_cKrzysztof Badora.
260 _aOpole :
_bWydaw. UO,
_c2004.
300 _a178 s., [4] s. tabl. kolor. :
_bfot., mapy, rys., wykr. ;
_c24 cm.
490 1 _aStudia i Monografie / Uniwersytet Opolski,
_x1233-6408 ;
_vnr 349
500 _aStreszcz. ang.
504 _aBibliogr. s. 161-174, wykaz aktów prawnych s. 174-175.
650 9 _aAutostrady
_xwpływ na środowisko
_zPolska
_yod 2001 r.
651 9 _aOpole (woj. opolskie ; okręg)
_xinfrastruktura
_yod 2001 r.
651 9 _aOpole (woj. opolskie ; okręg)
_xśrodowisko
_xochrona
_yod 2001 r.
830 0 _aStudia i Monografie (Uniwersytet Opolski) ;
_vnr 349
015 _aPB 4027/2005
020 _a8373950915
040 _cBPK
041 0 _apol
_beng
080 _a504.05:504.03:625.711](438)"2001/..."
920 _a83-7395-091-5
942 _cKS
008 s pl f |000 0 pol
999 _c46008
_d46008
856 _uhttp://koha.tu.koszalin.pl/cgi-bin/koha/opac-detail.pl?biblionumber=46008
_yKatalog online BPK